Catequésis fundamental: precatequésis

Kaydedildi:
Detaylı Bibliyografya
Yazar: Nebreda S., Alfonso (Yazar)
Materyal Türü: Kitap
Dil:İspanyolca
Baskı/Yayın Bilgisi: Santiago Oficina Nacional de Catequésis 1968
Konular:
Etiketler: Etiketle
Etiket eklenmemiş, İlk siz ekleyin!

MARC

LEADER 00000nam a2200000 a 4500
001 UCR1883
003 CL-VaPUC
005 20221115074622.0
008 971219e19680000cl 1 spa d
082 0 4 |a 268.6  |b NEB  |2 21 
100 1 |a Nebreda S., Alfonso  |e author  |9 618663 
245 1 0 |a Catequésis fundamental: precatequésis 
260 |a Santiago  |b Oficina Nacional de Catequésis  |c 1968 
300 |a 60 p 
583 |a last modification  |c 19971219 00:00:00  |k Rodrigo Vera 
650 0 0 |a Catequesis  |9 314526 
650 0 0 |a Educación religiosa   |9 308312 
650 0 0 |a Religión   |9 255164 
650 0 7 |a LITURGIA  |2 CL-VaPUC  |9 618664 
650 0 0 |a Catecismo  |9 333878 
650 0 0 |a Congresos  |9 257560 
942 |c BK 
945 |a rleighto  |d 19971219 00:00:00 
546 |a En Español 
518 |p Conferencia General del Episcopado Latinoamericano, 2, Medellín, Agosto 1968 
999 |c 383066  |d 383064 
952 |0 0  |1 2  |4 0  |6 268_600000000000000_NEB_1968  |7 0  |8 A  |9 505066  |a BIBTEO  |b BIBTEO  |d 2020-01-23  |i 3384594  |o 268.6 NEB 1968  |p 3384594  |r 2020-01-23  |w 2020-01-23  |x Descarte 2019  |y BK  |k ICR